Pokémon Moves- Dark Type - Statistics

General Stats
  • This quiz has been taken 268 times
  • The average score is 37 of 54
Answer Stats
Hint Answer % Correct
I Bite
96%
II Crunch
96%
IV Dark Pulse
93%
VII Darkest Lariat
88%
IV Dark Void
88%
IV Night Slash
88%
IV Nasty Plot
85%
II Thief
84%
IV Sucker Punch
82%
II Feint Attack
79%
III Knock Off
78%
III Taunt
78%
VIII Max Darkness
77%
V Night Daze
77%
VII Black Hole Eclipse
76%
III Torment
76%
IV Assurance
74%
VI Parting Shot
73%
II Pursuit
73%
III Snatch
73%
VIII Wicked Blow
71%
II Beat Up
70%
IV Embargo
70%
IV Switcheroo
70%
III Fake Tears
68%
IV Fling
68%
VII Malicious Moonsault
68%
V Foul Play
67%
V Snarl
66%
VI Topsy-Turvy
66%
V Hone Claws
65%
IX Kowtow Cleave
65%
VIII Lash Out
65%
IV Punishment
65%
V Quash
65%
VIII Ceaseless Edge
64%
VIII False Surrender
64%
III Flatter
64%
VI Hyperspace Fury
64%
VIII Fiery Wrath
63%
IV Payback
63%
IX Ruination
60%
VII Throat Chop
60%
VII Power Trip
59%
IX Comeuppance
57%
VIII Obstruct
57%
VIII G-Max Snooze
56%
IX Wicked Torque
54%
VIII Aura Wheel
53%
VII Baddy Bad
53%
VIII G-Max One Blow
53%
VIII Jaw Lock
49%
III Memento
49%
VII Brutal Swing
47%
No matching quizzes found
Score Distribution
Percent of People with Each Score
Percentile by Number Answered
Your Score History
You have not taken this quiz